000 01201 a2200253 4500
001 63353
005 20260407155931.0
008 260407a1995 arg spa d
003 AR-UNSa-BCEJYS
040 _aAR-UNSa-BCEJYS
_bspa
_cAR-UNSa-BCEJYS
080 _a517.1
_xIntroducción al análisis. (Cálculo)
245 1 0 _aCálculo
_pAplicado a administración, economía, contaduría y ciencias sociales
020 _a978-958-600-247-9
250 _a5a. ed.
264 1 _aBogotá :
_bMcGraw-Hill
_c1995
300 _axiv, 736 p.
_c27 cm.
505 _a1. Funciones, gráficas y límites - 2. Derivación: conceptos básicos - 3. Aplicaciones adicionales de la derivada - 4. Funciones exponenciales y logarítmicas - 5. Antiderivación - 6. Temas adicionales en integración - 7. Ecuaciones diferenciales - 8. Límites en el infinito e integrales impropias - 9. Funciones de dos variablex - 10. Integrales dobles - 11. Series infinitas y aproximación de Taylor - 12. Funciones trigonométricas -
041 _aspa
942 _cBK
590 _aniveau_biblio:m niveau_hierar:0
100 1 _aHoffmann, Laurence D.
700 1 _aBradley, Gerald L.
700 1 _aRosas Lopetegui, Gloria Elizabeth
999 _c8137
_d8137